000 005170000a22001930004500
001 35
003 CO-MdFUSB
005 20170607114313.0
008 170607b xxu||||| |||| 00| 0 eng d
020 _a958-04-2391-1
040 _cCO-MdBIC
082 0 4 _a863C B862rr
100 1 _aOppenheim, Joanne
245 1 0 _aRamón Recuerda / Joanne Oppenheim, Traducción : Cristina Aparicio, Ilustraciones Lynn Munsinger
260 _aBogota : Norma
300 _a[ 32 P.]
650 1 4 _aLiteratura infantil
942 _cLGB
999 _c47295
_d47295